Decoding of LDPC codes / (Record no. 190680)

000 -LEADER
fixed length control field 00776 a2200193 4500
003 - CONTROL NUMBER IDENTIFIER
control field NUST
005 - DATE AND TIME OF LATEST TRANSACTION
control field 20251124190343.0
040 ## - CATALOGING SOURCE
Transcribing agency Nust
082 ## - DEWEY DECIMAL CLASSIFICATION NUMBER
Classification number 621.382,AHM
100 ## - MAIN ENTRY--PERSONAL NAME
Personal name Ahmed, Tanveer (TE-45/TCC-20)
9 (RLIN) 131485
245 ## - TITLE STATEMENT
Title Decoding of LDPC codes /
Medium Tanveer Ahmed, Naeem Ullah Khan, Muhammad Bilal Arif and Rooha Shahid TE-45/TCC-20
260 ## - PUBLICATION, DISTRIBUTION, ETC.
Name of publisher, distributor, etc. Rawalpindi
Place of publication, distribution, etc. MCS (NUST)
Date of publication, distribution, etc. 2012
300 ## - PHYSICAL DESCRIPTION
Extent x, 97 p.;
505 ## - FORMATTED CONTENTS NOTE
Formatted contents note Introduction (Page-1), System Overview (Page-6), MATLAB implementation (Page-21), python Implementation (Page-33), System Modules (Page-45), Analysis and Conclusion (Page-54), Bibliography (Page-128).
650 ## - SUBJECT ADDED ENTRY--TOPICAL TERM
Topical term or geographic name entry element UG Projects
9 (RLIN) 98716
651 ## - SUBJECT ADDED ENTRY--GEOGRAPHIC NAME
Geographic name TE-45/TCC-20
9 (RLIN) 131486
700 ## - ADDED ENTRY--PERSONAL NAME
Personal name Supervised by Dr. Rizwan Ghaffar
9 (RLIN) 132054
942 ## - ADDED ENTRY ELEMENTS (KOHA)
Koha item type Project Report
Source of classification or shelving scheme
Holdings
Withdrawn status Lost status Source of classification or shelving scheme Damaged status Not for loan Permanent Location Current Location Shelving location Date acquired Full call number Barcode Date last seen Price effective from Koha item type Public note
          Military College of Signals (MCS) Military College of Signals (MCS) Reference 12/12/2016 621.382 AHM MCSPTC-145 12/08/2016 12/12/2016 Project Report Almirah No.94, Shelf No.3
          Military College of Signals (MCS) Military College of Signals (MCS) Reference 12/12/2016 621.382,AHM MCSPTE-198 12/08/2016 12/12/2016 Project Report  
© 2023 Central Library, National University of Sciences and Technology. All Rights Reserved.